Instalaciones eléctricas en la vivienda: esquemas y dibujos del autor

I tiakina i:
Ngā taipitopito rārangi puna kōrero
Kaituhi matua: Lambert, Charles (Author)
Hōputu: Pukapuka
Reo:Pāniora
I whakaputaina: Ciudad de México Alfaomega 1999
Putanga:1a. ed
Ngā marau:
Ngā Tūtohu: Tāpirihia he Tūtohu
Kāore He Tūtohu, Me noho koe te mea tuatahi ki te tūtohu i tēnei pūkete!

MARC

LEADER 00000nam a2200000 a 4500
001 UCK8029
003 CL-VaPUC
008 060113e19990000MX |||||||||||||||||spa|d
020 |a 9701502809 
082 0 4 |a 621.319  |b LAM  |2 21 
100 0 |a Lambert, Charles  |e author  |9 497815 
245 1 0 |a Instalaciones eléctricas en la vivienda: esquemas y dibujos del autor 
250 |a 1a. ed 
300 |a 138 p 
942 |c BK 
945 |d 20060113 00:00:00  |a cmena 
260 |a Ciudad de México  |b Alfaomega  |c 1999 
650 7 |a INSTALACIONES ELECTRICAS  |2 CL-VaPUC  |9 262736 
650 0 |a Vivienda  |9 258662 
650 0 |a Distribución de energía eléctrica   |9 260221 
650 0 |a Circuitos eléctricos   |9 260262 
583 |a last modification  |c 20060113 00:00:00  |k Rodrigo Vera 
999 |c 315863  |d 315861 
952 |0 0  |1 0  |4 0  |6 621_319000000000000_LAM_1999  |7 0  |8 A  |9 389682  |a BIBEDU  |b BIBEDU  |d 2019-11-22  |i 4201418  |l 1  |o 621.319 LAM 1999  |p 4201418  |r 2024-11-26  |s 2024-11-19  |w 2019-11-22  |y BK  |k EBA